[Event "Kuzbass-ch"]
[Site "Kemerovo"]
[Date "2007.12.20"]
[Round "7"]
[White "Dolgalev, Sergei"]
[Black "Gneduch, Andrei"]
[Result "1-0"]
[WhiteElo "2268"]
[BlackElo "2174"]
[PlyCount "105"]
[EventDate "2007.12.16"]
[EventType "swiss"]
[EventRounds "9"]
[EventCountry "RUS"]
[SourceTitle "CBM 122 Extra"]
[Source "ChessBase"]
[SourceDate "2008.03.04"]
[SourceVersion "1"]
[SourceVersionDate "2008.03.04"]
[SourceQuality "1"]

1. d4 Nf6 2. c4 e6 3. Nf3 b6 4. g3 Bb7 5. Bg2 Be7 6. 0-0 0-0 7. d5 exd5 8. Nh4 c6 9. cxd5 Nxd5 10. Nf5 Nc7 11. e4 d5 12. Nc3 Nba6 13. exd5 cxd5 14. Bf4 Nc5 15. Nxe7+ Qxe7 16. Bxc7 Qxc7 17. Nxd5 Bxd5 18. Bxd5 Rad8 19. Qf3 Rd6 20. Rad1 Rf6 21. Qe3 a5 22. Rfe1 Qc8 23. Qe7 Qf5 24. Re2 g6 25. Kg2 Kg7 26. h3 Qc8 27. Rdd2 Qb8 28. f4 h5 29. h4 Rf5 30. Bf3 Rc8 31. Rd6 Rc7 32. Qe3 Kh7 33. Qd4 Rc8 34. Re7 Rf8 35. Rf6 Qc8 36. Rxb6 Rd8 37. Rd6 Rxd6 38. Qxd6 Ne6 39. Be4 Qc4 40. Qd3 Qc5 41. Rd7 Rxf4 42. Bxg6+ Kh6 43. Qd2 Kxg6 44. gxf4 Qf5 45. Qe3 Nxf4+ 46. Kh2 Ne6 47. Rd2 Kg7 48. Rf2 Qb5 49. Qe4 Qb8+ 50. Kg2 Qd6 51. a3 Nc5 52. Qf4 Qg6+ 53. Qg5 1-0